Hortumun ucundakiler (Record no. 3370)
[ view plain ]
| 000 -BAŞLIK | |
|---|---|
| Sabit Uzunlukta Kontrol Alanı | 00876na a2200277 4500 |
| 001 - KONTROL NUMARASI | |
| Denetim Alanı | 18038 |
| 003 - KONTROL NUMARASI IDENTIFIER | |
| Denetim Alanı | MIRAKIL |
| 005 - SON İŞLEM TARİHİ VE ZAMANI | |
| Denetim Alanı | 20181213154929.0 |
| 008 - SABİT-BOY VERİ ELEMANLARI - GENEL BİLGİLER | |
| Sabit Uzunlukta Kontrol Alanı | 161110b tu 000 0 |
| 020 ## - ULUSLARARASI STANDART KİTAP NUMARASI | |
| Uluslararası Standart Kitap Numarası | 9756448148 |
| 040 ## - KATALOGLAMA KAYNAK | |
| Orijinal Kataloglama Ajansı | Milas |
| Kataloglama Dili | tur |
| Metne Dönüştürmek Ajansı | TR-AnCHP |
| 041 ## - DİL KODU | |
| Metin / Ses Parça Veya Ayrı Başlığın Dil Kodu | tur |
| 082 ## - DEWEY ONLU SINIFLANDIRMA NUMARASI | |
| Sınıflandırma Numarası | 364.1323 |
| Ürün Numarası | T26h 2003 |
| 090 ## - SINIFLAMA NUMARASI | |
| Sınıflama Numarası | 364.1323 T26h 2003 |
| 100 ## - ANA GİRİŞ - KİŞİSEL İSİM | |
| Kişisel Ad | Tartan, Hakan |
| 245 ## - BAŞLIK TABLOSU | |
| Başlık | Hortumun ucundakiler |
| Sorumluluk Tablosu, Vb | Hakan Tartan |
| 260 ## - YAYIN, DAĞITIM, VB | |
| Yayın, Dağıtım, Vb Yeri | İstanbul |
| Yayıncı, Dağıtıcı, Vs Adı | Toplumsal Dönüşüm Yayınları |
| Yayın, Dağıtım, Vb Tarihi | 2003 |
| 300 ## - FİZİKSEL TANIM | |
| Kapsam | 544 s. |
| Boyutlar | 20 sm. |
| 440 ## - SERİSİ TABLOSU / KATMA GİRİŞİ - BAŞLIK | |
| Başlık | Toplumsal Dönüşüm Yayınları |
| Hacim / Ardışık Tanımı | 216 |
| 490 ## - SERİSİ TABLOSU | |
| Seri Beyanı | Araştırma ve İnceleme |
| Hacim / Ardışık Tanımı | 66 |
| 500 ## - GENEL NOT | |
| Genel Not | Yapıt adı başında: Türkiye'de batan bankaların ibret verici hikayesi |
| 650 ## - KONU KATMA GİRİŞ - TOPİKAL DÖNEM | |
| Topikal Süreli Veya Coğrafi Ad Giriş Elemanı | Toplumsal sorunlar |
| Coğrafi Alt Bölümü | Türkiye |
| 650 ## - KONU KATMA GİRİŞ - TOPİKAL DÖNEM | |
| Topikal Süreli Veya Coğrafi Ad Giriş Elemanı | Kriminoloji |
| Genel Alt Bölümü | Hortumculuk |
| Coğrafi Alt Bölümü | Türkiye |
| 740 ## - KATMA GİRİŞ - KONTROLSUZ İLGİLİ / ANALİTİK BAŞLIK | |
| Kontrol Edilmeyen / İlgili Analitik Başlıktaki | Türkiye'de batan bankaların hikayesi |
| 942 ## - EKLENDİ GİRİŞ ELEMANLARI (KOHA) | |
| Sınıflandırma Veya Raf Düzeni Kaynak | |
| Koha Öğesi Türü | Books |
| 999 ## - SİSTEM KONTROL NUMARALARI (KOHA) | |
| Koha Biblionumber | 3370 |
| Koha Biblioitemnumber | 3370 |
| Kalıcı Konum | Mevcut Konum | Edinme Tarihi | Edinim Kaynak | Toplam Check-Out'Lar | Tam Çağrı Numarası | Barkod | Tarih Son Görülme | İtibaren Geçerli Fiyatlar | Koha Öğesi Türü |
|---|---|---|---|---|---|---|---|---|---|
| CHP Kütüphanesi | CHP Kütüphanesi | 11/10/2016 | Bağış | 364.1323 T26h 2003 | 008554 | 11/10/2016 | 11/10/2016 | Books |
